000 00378nam a2200145Ia 4500
008 230917s9999||||xx |||||||||||||| ||und||
040 _e207425
_aMAIN
041 _aEnglish
082 _a005.133 N988P
100 _aNyhoff, Larry
245 0 _aProgramming in C++ for engineering and science
260 _aBoca Raton
_bCRC Press
_c2013
300 _axiii, 730 p.
942 _cBK
999 _c175623
_d175623